000 01096nam a2200301 a 4500
001 vtls001617223
003 NLI
005 20210628133920.0
008 121214s1923 ii 000 hin
039 9 _y201212141922
_zVLOAD
040 _aNLI
_bhineng
_cDatasoft_Hindi
_eAACR2
041 0 _ahin
044 _a ii
084 0 4 _a181
100 1 _6880-01
_aगुप्त, रजनीकान्त
245 1 0 _6880-02
_aभारतीय वीरता /
_cरजनीकान्त गुप्त
260 _aकलकत्ता :
_bहिन्दी पुस्तक एजेंसी,
_c1923
300 _a268 p. ;
_c17 cm.
650 0 _aHindi literature
_xHistory and Criticism
_9691306
880 1 _6100-01(B
_aGupta, Rajanīkānta
880 1 0 _6245-02(B
_aBhārtīya vīratā /
_cRajanīkānta Gupta
887 _a Afroz 15.03.12(Abrar Ahmmad 11.04.12)
901 _aIMP1049
_b11.04.2012
902 _a181 Oc 92.9
904 _cAfroz 15.03.12(Abrar Ahmmad 11.04.12)
_lO 3789
949 _AVIRTUAITEM
_D10000
_X100
_6IMP000001049HIN
942 _2ddc
_cBKS
999 _aVIRTUA40
_c1069171
_d1069171